| 000 | 00598nam a2200229Ia 4500 | ||
|---|---|---|---|
| 003 | OSt | ||
| 005 | 20221007071948.0 | ||
| 006 | a|||||r|||| 00| 0 | ||
| 007 | ta | ||
| 008 | 221006b |||||||| |||| 00| 0 eng d | ||
| 024 | _a10,351 | ||
| 037 | _cTextual | ||
| 040 |
_aFLL _cFLL _beng |
||
| 041 |
_2eng _aeng |
||
| 082 | _aF53:Z3, L4 | ||
| 100 |
_aCampbell C.M. Au. _9689745 |
||
| 245 | 0 | _aSearch for pure food | |
| 260 |
_aLondon _bMartin robertson London _c1974 |
||
| 300 |
_a144p _ccm. |
||
| 942 |
_hF53:Z3, L4 _cTEXL _2CC |
||
| 999 |
_c1144798 _d1144798 |
||